| 000 | 00830cam a22002531 4500 | ||
|---|---|---|---|
| 001 | sa 68018136 | ||
| 003 | DLC | ||
| 005 | 20260227112709.0 | ||
| 008 | 721117s1965 xx 000 0 ind | ||
| 010 | _asa 68018136 | ||
| 035 | _a(OCoLC)497875 | ||
| 040 |
_aDLC _cOAU _dDLC |
||
| 042 | _apremarc | ||
| 050 | 0 | 0 |
_aBL50 _b.A55 |
| 100 | 1 | _aAli, A. Mukti. | |
| 245 | 1 | 0 |
_aIlmu perbandingan agama (sebuah pembahasan tentang methodos dan sistima) _coleh A. Mukti Ali. |
| 250 | _a[Tjet. 1.] | ||
| 260 |
_aJogjakarta, _bPenerbit P. T. al-Falah, _c1965. |
||
| 300 |
_a47 p. _c20 cm. |
||
| 490 | 0 | _aRisalah ilmijah Islamijah 1 | |
| 500 | _a"Uraian jang diutjapkan pada dies natalis ke IV Institut Agama Islam Negeri, al-Djamiʹah al-Islamijah al-Hukumijah." | ||
| 504 | _aIncludes bibliography references. | ||
| 650 | 0 | _aReligion. | |
| 999 |
_c88197 _d88197 |
||